Normal view
MARC view
Entry Personal Name
001 - CONTROL NUMBER
- control field: 167841
003 - CONTROL NUMBER IDENTIFIER
- control field: OSt
005 - DATE AND TIME OF LATEST TRANSACTION
- control field: 20220923224218.0
008 - FIXED-LENGTH DATA ELEMENTS
- fixed length control field: 220923|| aca||aabn | a|a d
040 ## - CATALOGING SOURCE
- Original cataloging agency: OSt
- Transcribing agency: OSt
100 ## - HEADING--PERSONAL NAME
- Personal name: ह्मूबर्मन, लिओ; तोमर, नरेंद्र कुमार, अनु
670 ## - SOURCE DATA FOUND
- Source citation: Work cat.: (OSt)370025: ह्मूबर्मन, लिओ; तोमर, नरेंद्र कुमार, अनु., मनुष्य की लौकिक संपदा, 2005
